Les films avec Jean Dujardin - Statistiques

Statistiques générales
  • Ce quiz a été pris 225 fois
  • Le résultat moyen est 9 sur 24
Statistiques - réponses
Rôles Films % Correct
Un espion français très drôle Oss 117
97%
Un surfeur pas très doué Brice de Nice
92%
Un Cowboy de bande dessinée Lucky Luke
87%
Un personnage en noir et blanc The Artist
84%
Un banquier français véreux qui traite avec Léonardo Dicaprio Le Loup de Wall Street
75%
Un mec dans une bande de pote qui meurt d'un accident de scooter Les petits mouchoirs
55%
Un lieutenant Colonel qui va défendre un capitaine juif J'accuse
47%
Une panoplie d'hommes volages Les infidèles
47%
Un homme parfait mais qui fait seulement 1m36 Un homme à la hauteur
47%
Un juge pour mineurs au cœur des combines marseillaises La French
42%
Un publicitaire accroc à la coke 99 Francs
36%
Un ancien président prénommé Nicolas qui fait équipe avec François pour revenir sur le devant de la scène politique Présidents
30%
Un homme avec une équipe chargée de retrouver les œuvres d'art dérobées par les nazis Monuments Men
28%
Un écrivain alcoolique qui dialogue avec son cancer Le bruit des glaçons
22%
Un capitaine hussard qui demande la main d'une fille de bonne famille avant de partir au front Le retour du Héros
22%
Un père de famille prêt à tout pour faire sortir l'assassin de sa fille et le buter lui-même Contre enquête
19%
Un arnaqueur qui venge son frère par l'escroquerie Cash
15%
Un officier des services secrets russes qui a été envoyé à Monaco pour une mission Möbius
9%
Agent immobilier qui a vécu enfant à Oran Un Balcon sur la mer
9%
Un bon à rien obnubilé par l'idée d'être riche en montant une entreprise de chirurgie esthétique low cost I feel good
8%
Un évadé naïf qui se retrouve en planque dans la maison d'une famille bourgeoise psycopathe Bienvenue chez les Rozes
7%
Un traducteur pour malentendants 9 mois ferme
5%
Un policier de la brigade des stups tombe amoureux de la femme de son partenaire L'amour aux trousses
1%
Un compositeur de musique de films qui part en Inde et tombe amoureux de la femme du réalisateur Une de plus
1%
Aucun quiz correspondant
Distribution des résultats
% des personnes avec chaque résultat
Percentile par nombre de réponses
Votre historique - résultats
Vous n’avez pas pris ce quiz